Oeuvres mathématiques / (Record no. 163526)

MARC details
000 -LEADER
campo de control de longitud fija 00817nam a2200229 i 4500
001 - NÚMERO DE CONTROL
campo de control 163526
003 - IDENTIFICADOR DE NÚMERO DE CONTROL
campo de control ES-MaACL
005 - FECHA Y HORA DE LA ÚLTIMA TRANSACCIÓN
campo de control 20250903024957.0
008 - DATOS DE LONGITUD FIJA--INFORMACIÓN GENERAL
campo de control de longitud fija 981001s1898 fr |||| | fre d
100 1# - ENTRADA PRINCIPAL--NOMBRE DE PERSONA
Nombre de persona Riemann, Bernhard (
Fechas asociadas al nombre 1826-1866)
9 (RLIN) 131813
245 10 - MENCIÓN DEL TÍTULO
Título Oeuvres mathématiques /
Mención de responsabilidad, etc. de Riemann ; traduites par L. Laugel ; avec une préface de M. Hermite ; et un discours de M. Félix Klein.
260 ## - PUBLICACIÓN, DISTRIBUCIÓN, ETC.
Lugar de publicación, distribución, etc. Paris :
Nombre del editor, distribuidor, etc. Gauthier-Villars et Fils,
Fecha de publicación, distribución, etc. 1898.
300 ## - DESCRIPCIÓN FÍSICA
Extensión XXXV, 453 p. ;
Dimensiones 23 cm.
650 #7 - PUNTO DE ACCESO ADICIONAL DE MATERIA--TÉRMINO DE MATERIA
Término de materia o nombre geográfico como elemento de entrada Matemáticas
Fuente del encabezamiento o término embne
9 (RLIN) 14814
650 07 - PUNTO DE ACCESO ADICIONAL DE MATERIA--TÉRMINO DE MATERIA
Término de materia o nombre geográfico como elemento de entrada Análisis matemático
Fuente del encabezamiento o término embne
9 (RLIN) 9772
700 1# - ENTRADA AGREGADA--NOMBRE PERSONAL
Nombre de persona Laugel, L.
9 (RLIN) 168569
700 1# - ENTRADA AGREGADA--NOMBRE PERSONAL
Nombre de persona Hermite, Charles.
9 (RLIN) 168570
700 1# - ENTRADA AGREGADA--NOMBRE PERSONAL
Nombre de persona Klein, Felix.
9 (RLIN) 68209
752 ## - ENTRADA AGREGADA--NOMBRE JERÁRQUICO DEL LUGAR
País o entidad superior Francia -
Ciudad París
852 ## - LOCALIZACIÓN
Ubicación ES-MaACL
Número de control de estantería B-1830
Nota libre - Enc. hol.
Holdings
Estatus retirado Estado de pérdida Estado de daño No para préstamo Colección Biblioteca de origen Biblioteca actual Ubicación en estantería Fecha de adquisición Fuente de adquisición Total de préstamos Signatura topográfica completa Código de barras Visto por última vez Precio de reemplazo Tipo de ítem Koha
        Libros del s. XIX Biblioteca del Ateneo de Madrid Biblioteca del Ateneo de Madrid Sala Pardo Bazán 17/01/2008     B-1830 1171358 23/02/2023 23/02/2023 Libro impreso antiguo